| Поле | Название | Значение |
| |
Тип записи |
a |
| |
Библиографический уровень |
m |
| 001 |
Контрольный номер |
362ff4014e0b45ff9acf78cc305f3d4e |
| 005 |
Дата корректировки |
20140606120257.2 |
| 010 |
Индекс ISBN |
__ |
| a |
ISBN |
978-5-91180-224-0 |
| 101 |
Язык документа |
0_ |
| a |
Язык текста |
rus |
| 102 |
Страна публикации |
__ |
| a |
Страна публикации |
RU |
| 200 |
Заглавие и сведения об ответственности |
1_ |
| a |
Заглавие |
Психологический тренинг. Секреты проведения |
| f |
Первые сведения об ответственности |
О. П. Горбушина |
| 210 |
Выходные данные |
1_ |
| c |
Издательство |
Питер |
| a |
Место издания |
СПб. |
| d |
Дата издания |
2007 |
| 215 |
Физическое описание |
__ |
| a |
Объем |
175 с. |
| 225 |
Серия |
2_ |
| a |
Серия |
Практическая психология |
| 610 |
Ключевые слова |
0_ |
| a |
Ключевые слова |
психология |
| 610 |
Ключевые слова |
0_ |
| a |
Ключевые слова |
тренинг |
| 610 |
Ключевые слова |
0_ |
| a |
Ключевые слова |
имидж |
| 686 |
Индексы других классификаций |
__ |
| a |
Классификационный индекс |
88.59 |
| 2 |
Код системы |
rubbk |
| 700 |
Автор |
_1 |
| a |
Фамилия |
Горбушина |
| b |
Имя |
О. П. |
| 801 |
Источник записи |
_0 |
| a |
Страна |
RU |
| b |
Организация |
РУК |
| c |
Дата составления |
20070525 |
| g |
Правила каталогизации |
PSBO |
| 801 |
Источник записи |
_1 |
| a |
Страна |
RU |
| b |
Организация |
РУК |
| c |
Дата составления |
20070525 |
| g |
Правила каталогизации |
PSBO |
| 852 |
Данные о местонахождении |
__ |
| j |
Шифр хранения |
ББК 88 |
| i |
Авторский знак |
Г 67 |
| 901 |
Тип документа |
__ |
| t |
Тип документа |
m |
| 938 |
Служебная информация |
__ |
| a |
Название организации |
Головной вуз |
| b |
Имя БД |
BOOK |
| c |
Название АИБС |
АИБС ИРБИС |